000 00499nam a22001457a 4500
020 _qPB.
040 _cFIZZA ISHAQ
082 _a808.02
_bDOU
100 _aLITTELL,MCDOUGAL.
_9132171
245 _aWRITING RESEARCH PAPERS YOUR COMPLETE GUIDE TO THE PROCESS OF WRITING A RESEARCH PAPER FROM FINDING A TOPIC TO PREPARING THE FINAL MANUSCRIPT /
_c MCDOUGAL LITTEL.
250 _aNEW REVISED ED.
260 _aNEW YORK ;
_bMcDougal LITTELL,
_c1997.
300 _a113 P. ;
_c9.4x7.6IN
942 _2ddc
_cBK
999 _c616916
_d616916